00470nam a2200169Ia 450000500170000000800410001702000260005804000190008404100120010308200130011510000180012824500900014626000300023630000090026665000140027585000110028920230810135753.0140110s9999 xx 000 0 und d a9780719522390cRs 295 aLoreto College aEnglish a920bNEM aNemat, Marina aPrisoner of TehranbOne woman's story of survival inside a torture jailcMarina Nemat aLondonbJohn Murrayc2007 a280p aBiography aLCLIB